000 00310nam a2200133Ia 4500
008 180730s9999||||xx |||||||||||||| ||und||
020 _a333931980
082 _a823
_bKHE/Y
100 _akhera, Shiv
245 0 _aYou Can Win
260 _aNew Delhi
_bMacmillan India Ltd.
_c2002
300 _a270p
942 _aBK
999 _c2138
_d2138